000 00304nam a22001337a 4500
008 171207b xxu||||| |||| 00| 0 eng d
020 _a9781452220161
041 _aeng
080 _26 ED
_a32
100 _a32
101 _aPOL
245 _aKEEPING THE THE REPUBLIC
_cBARBOUR.CH
942 _2udc
_cBK
999 _c38802
_d38802